000 00744cam a2200253 4500500
005 20260405003036.0
041 _afre
042 _adc
100 1 0 _aRégnier, Quentin
_eauthor
245 0 0 _aPourquoi les théories du complot sont-elles si populaires ?
260 _c2020.
500 _a15
690 _aBachelard
690 _aComplotisme
690 _aConspirationnisme
690 _aDescartes
690 _aNietzsche
690 _aPopper
690 _aScience
690 _aThéorie du complot
690 _aVérité
786 0 _nPhilosophie magazine | 138 | 4-5 | 2020-04-01 | p. 36-36 | 1951-1787
856 4 1 _uhttps://shs.cairn.info/magazine-philosophie-magazine-2020-4-5-page-36?lang=fr&redirect-ssocas=7080
999 _c2063830
_d2063830